El Soliditit al V Congreso Internacional de la Carretera : Milano 1926 Milano 1926
Descripción Física:
67 p. : principalment il. ; 34 cm
MARC
| LEADER | 00000nam a2200000Ia 4500 | ||
|---|---|---|---|
| 001 | 23613 | ||
| 008 | 160829s1926 xx 000 0 cat d | ||
| 080 | |a C-3-414 | ||
| 100 | |a Congreso Internacional de la Carretera (5è : 1926 : Milà) |9 49022 | ||
| 245 | |a El Soliditit al V Congreso Internacional de la Carretera : |b Milano 1926 | ||
| 260 | |a Roma : |b Arti Fotomeccaniche Grimaldi & Mercadetti, |c 1926 | ||
| 300 | |a 67 p. : |b principalment il. ; |c 34 cm | ||
| 590 | |a Prové del fons d'Obres Públiques. | ||
| 650 | |a Carreteres |x Congressos |9 48828 | ||
| 650 | |a Ciment |x Indústria i comerç |x Congressos |9 49023 | ||
| 650 | |a Soliditit Española S. A. (Firma) |9 49024 | ||
| 901 | |a Arxiu | ||
| 942 | |n 1 | ||
| 952 | |0 0 |1 0 |4 0 |6 C3414 |7 1 |9 55042 |a Arxiu |b Arxiu |d 2012-08-22 |l 0 |o C-3-414 |p 23613 |r 2016-12-01 00:00:00 |w 2016-12-01 |y ARXIU | ||
| 999 | |c 58912 |d 58912 | ||